[Event "Titled Tuesday intern op 16th Apr Early"]
[Site "Chess.com INT"]
[Date "2024.04.16"]
[Round "7"]
[White "Dargan, Paul AG"]
[Black "Schut, Han"]
[Result "0-1"]
[WhiteElo "2058"]
[BlackElo "2091"]
[PlyCount "68"]
[EventDate "2024.04.16"]
[EventType "swiss (blitz)"]
[EventRounds "11"]
[EventCountry "USA"]
[SourceTitle "CB17_2024"]
[SourceDate "2024.04.24"]
[SourceVersion "1"]
[SourceVersionDate "2024.04.24"]
[SourceQuality "1"]

1. e4 c5 2. c3 g6 3. d4 cxd4 4. cxd4 d5 5. Nc3 dxe4 6. Bc4 Bg7 7. Qb3 e6 8. d5 Ne7 9. dxe6 f5 10. Bf4 Nbc6 11. Nge2 Qb6 12. Nb5 Na5 13. Nc7+ Qxc7 14. Qa4+ Qc6 15. Bb5 Qxb5 16. Qxb5+ Nac6 17. 0-0 Bxe6 18. Nc3 0-0 19. Rfd1 Rad8 20. Bd6 Rd7 21. Bc5 Rfd8 22. Bxe7 Nxe7 23. Rxd7 Rxd7 24. Rd1 Rxd1+ 25. Nxd1 Kf7 26. Qxb7 Bxa2 27. Qxa7 Bb3 28. Nc3 Be6 29. Qc5 g5 30. b4 Bxc3 31. Qxc3 Nd5 32. Qc5 f4 33. b5 e3 34. b6 e2 0-1

[Event "Titled Tuesday intern op 16th Apr Early"]
[Site "Chess.com INT"]
[Date "2024.04.16"]
[Round "8"]
[White "Lenoir Ibacache, Gabriel Alberto"]
[Black "Dargan, Paul AG"]
[Result "1-0"]
[WhiteElo "2228"]
[BlackElo "2058"]
[PlyCount "47"]
[EventDate "2024.04.16"]
[EventType "swiss (blitz)"]
[EventRounds "11"]
[EventCountry "USA"]
[SourceTitle "CB17_2024"]
[SourceDate "2024.04.24"]
[SourceVersion "1"]
[SourceVersionDate "2024.04.24"]
[SourceQuality "1"]

1. e4 c5 2. g3 Nc6 3. Bg2 g6 4. Ne2 Bg7 5. c3 e5 6. d3 Nge7 7. Be3 d6 8. 0-0 0-0 9. f4 f5 10. fxe5 Nxe5 11. Nd2 Nxd3 12. Nc4 Ne5 13. Nxd6 fxe4 14. Rxf8+ Qxf8 15. Nxe4 Bg4 16. Bxc5 Nf3+ 17. Kh1 Re8 18. Qb3+ Kh8 19. Rf1 Qf5 20. Nd4 Nxd4 21. Bxd4 Qd5 22. Qxd5 Nxd5 23. Nd6 Rd8 24. Nf7+ 1-0

[Event "Titled Tuesday intern op 16th Apr Early"]
[Site "Chess.com INT"]
[Date "2024.04.16"]
[Round "4"]
[White "Rouast, Joseph"]
[Black "Dargan, Paul AG"]
[Result "1-0"]
[WhiteElo "2105"]
[BlackElo "2058"]
[PlyCount "65"]
[EventDate "2024.04.16"]
[EventType "swiss (blitz)"]
[EventRounds "11"]
[EventCountry "USA"]
[SourceTitle "CB17_2024"]
[SourceDate "2024.04.24"]
[SourceVersion "1"]
[SourceVersionDate "2024.04.24"]
[SourceQuality "1"]

1. e4 c5 2. Nf3 Nc6 3. Bc4 e6 4. d4 cxd4 5. c3 d5 6. exd5 exd5 7. Bb3 Bg4 8. 0-0 Be7 9. cxd4 Nf6 10. Nc3 0-0 11. Be3 h6 12. h3 Bh5 13. Rc1 Qd7 14. Re1 Rad8 15. Na4 Bb4 16. Nc3 Qf5 17. Bc2 Qc8 18. Bd3 Ne4 19. Be2 Nxc3 20. bxc3 Bd6 21. c4 dxc4 22. Rxc4 Qf5 23. Qb1 Qxb1 24. Rxb1 Rd7 25. Rc3 Bg6 26. Rb5 Rfd8 27. d5 Ne5 28. Bxa7 Nxf3+ 29. Bxf3 Be5 30. Rcb3 b6 31. Bxb6 Ra8 32. a3 Bd6 33. Bc5 1-0

[Event "Titled Tuesday intern op 09th May Late"]
[Site "Chess.com INT"]
[Date "2023.05.09"]
[Round "7"]
[White "Stachanczyk, Jacek"]
[Black "Dargan, Paul AG"]
[Result "0-1"]
[WhiteElo "2147"]
[BlackElo "2095"]
[PlyCount "40"]
[EventDate "2023.05.09"]
[EventType "swiss (blitz)"]
[EventRounds "11"]
[EventCountry "USA"]
[SourceTitle "CBM 214 Extra"]
[Source "ChessBase"]
[SourceDate "2023.07.31"]
[SourceVersion "1"]
[SourceVersionDate "2023.07.31"]
[SourceQuality "1"]

1. e4 c5 2. Nf3 g6 3. d4 cxd4 4. Nxd4 Bg7 5. c4 Nc6 6. Be3 d6 7. Nc3 Nf6 8. f3 0-0 9. Be2 Nxd4 10. Bxd4 Be6 11. Qd2 Qa5 12. a3 Rfc8 13. b4 Qh5 14. 0-0 Bxc4 15. Rac1 Bxe2 16. Nxe2 Nd7 17. Bxg7 Kxg7 18. Qd4+ Qe5 19. Qxe5+ Nxe5 20. Nd4 Nd3 0-1

[Event "Titled Tuesday intern op 25th Apr Late"]
[Site "Chess.com INT"]
[Date "2023.04.25"]
[Round "9"]
[White "Dargan, Paul AG"]
[Black "Gabr, Mohsen"]
[Result "0-1"]
[WhiteElo "2095"]
[BlackElo "2200"]
[PlyCount "76"]
[EventDate "2023.04.25"]
[EventType "swiss (blitz)"]
[EventRounds "11"]
[EventCountry "USA"]
[SourceTitle "EXT 2024"]
[Source "ChessBase"]
[SourceDate "2023.10.10"]
[SourceVersion "1"]
[SourceVersionDate "2023.10.10"]
[SourceQuality "1"]

1. e4 f6 2. d4 g6 3. Nf3 e6 4. Nc3 Nh6 5. Bd3 Nf7 6. 0-0 Bg7 7. h3 0-0 8. Be3 d5 9. Qd2 c6 10. Rfe1 b5 11. a3 a5 12. Ne2 Na6 13. c3 Rb8 14. Ng3 Nc7 15. Bf4 e5 16. dxe5 fxe5 17. Be3 b4 18. axb4 axb4 19. Bc5 bxc3 20. bxc3 Re8 21. Ra7 Nb5 22. exd5 Nxa7 23. Bxa7 Ra8 24. Be3 cxd5 25. Rd1 e4 26. Bb5 exf3 27. Bxe8 Qxe8 28. Qxd5 Be6 29. Qxf3 Bxc3 30. Rd3 Ne5 31. Qe4 Nxd3 32. Qxd3 Bg7 33. Ne4 Rd8 34. Qa6 h6 35. Nc5 Bf7 36. Nb7 Rd1+ 37. Kh2 Qb8+ 38. g3 Bd5 0-1

[Event "BCF-chT2 2223 (4NCL)"]
[Site "England"]
[Date "2023.02.11"]
[Round "5.55"]
[White "Miller, Dominic"]
[Black "Dargan, Paul AG"]
[Result "1/2-1/2"]
[WhiteElo "2124"]
[BlackElo "2164"]
[PlyCount "91"]
[EventDate "2022.10.22"]
[EventType "team-tourn"]
[EventRounds "11"]
[EventCountry "ENG"]
[SourceTitle "EXT 2024"]
[Source "ChessBase"]
[SourceDate "2023.10.10"]
[SourceVersion "1"]
[SourceVersionDate "2023.10.10"]
[SourceQuality "1"]
[WhiteTeam "Sussex Martlets"]
[BlackTeam "North East England"]
[WhiteTeamCountry "ENG"]
[BlackTeamCountry "ENG"]

1. e4 c5 2. Nf3 Nc6 3. Bb5 g6 4. 0-0 Bg7 5. c3 Nf6 6. Re1 0-0 7. h3 Qb6 8. a4 a6 9. Bxc6 Qxc6 10. d4 d5 11. e5 Ne4 12. Be3 Bf5 13. dxc5 Rad8 14. b4 f6 15. Nd4 Qc8 16. f3 fxe5 17. Nxf5 gxf5 18. fxe4 dxe4 19. Qb3+ Kh8 20. Bf2 Rg8 21. Na3 Bh6 22. Rad1 e3 23. Bxe3 Qc6 24. Qc2 Bxe3+ 25. Kf1 Rxd1 26. Rxd1 Qh6 27. Qe2 Qf4+ 28. Qf3 Qh2 29. g4 fxg4 30. Qxe3 gxh3 31. Rd2 Rg2 32. Rf2 Qg1+ 33. Ke2 Rxf2+ 34. Qxf2 h2 35. Qf8+ Qg8 36. Qf3 e4 37. Qxe4 Qg1 38. Qxe7 Qg2+ 39. Ke3 Qg3+ 40. Ke2 Qg2+ 41. Ke3 Qg3+ 42. Ke2 h5 43. Qf8+ Kh7 44. Qf7+ Kh6 45. Qf6+ Kh7 46. Qf7+ 1/2-1/2

[Event "BCF-chT2 2223 (4NCL)"]
[Site "England"]
[Date "2023.01.14"]
[Round "3.36"]
[White "Dargan, Paul AG"]
[Black "Navarro Cia, Miguel"]
[Result "1/2-1/2"]
[WhiteElo "2164"]
[BlackElo "2242"]
[PlyCount "28"]
[EventDate "2022.10.22"]
[EventType "team-tourn"]
[EventRounds "11"]
[EventCountry "ENG"]
[SourceTitle "EXT 2024"]
[Source "ChessBase"]
[SourceDate "2023.10.10"]
[SourceVersion "1"]
[SourceVersionDate "2023.10.10"]
[SourceQuality "1"]
[WhiteTeam "North East England"]
[BlackTeam "Barbican"]
[WhiteTeamCountry "ENG"]
[BlackTeamCountry "ENG"]

1. e4 Nf6 2. e5 Nd5 3. d4 d6 4. Nf3 dxe5 5. Nxe5 c6 6. Be2 g6 7. 0-0 Bg7 8. c4 Nb6 9. f4 0-0 10. Nc3 Be6 11. b3 N8d7 12. Be3 Nxe5 13. fxe5 f6 14. exf6 exf6 1/2-1/2

[Event "GBR-ch Seniors 50 108th"]
[Site "Torquay"]
[Date "2022.08.14"]
[Round "7"]
[White "Dargan, Paul AG"]
[Black "Crocker, Philip J"]
[Result "0-1"]
[WhiteElo "2056"]
[BlackElo "2107"]
[PlyCount "62"]
[EventDate "2022.08.08"]
[EventType "swiss"]
[EventRounds "7"]
[EventCountry "ENG"]
[SourceTitle "EXT 2024"]
[Source "ChessBase"]
[SourceDate "2023.10.10"]
[SourceVersion "1"]
[SourceVersionDate "2023.10.10"]
[SourceQuality "1"]

1. e4 d6 2. d4 Nf6 3. Nc3 g6 4. Bg5 c6 5. f4 Bg7 6. Qd2 b5 7. Bd3 0-0 8. Nf3 Bg4 9. 0-0 Qb6 10. Ne2 c5 11. e5 d5 12. Ng3 c4 13. Be2 Ne4 14. Nxe4 dxe4 15. Bxe7 exf3 16. Bxf3 Bxf3 17. Bxf8 Bxf8 18. Rxf3 Nc6 19. c3 Rd8 20. Qf2 Ne7 21. g4 f5 22. exf6 Qxf6 23. Re1 Nd5 24. f5 Bd6 25. fxg6 Qxg6 26. h3 Re8 27. Rxe8+ Qxe8 28. Qh4 Bf4 29. g5 Qe4 30. Qg4 Qe1+ 31. Rf1 Qxf1+ 0-1

[Event "BCF-chT 2122 (4NCL)"]
[Site "England"]
[Date "2022.06.25"]
[Round "10.136"]
[White "Wilson, Jeff"]
[Black "Dargan, Paul AG"]
[Result "0-1"]
[WhiteElo "1327"]
[BlackElo "2041"]
[PlyCount "62"]
[EventDate "2021.11.27"]
[EventType "team-swiss"]
[EventRounds "11"]
[EventCountry "ENG"]
[SourceTitle "EXT 2023"]
[Source "ChessBase"]
[SourceDate "2022.10.05"]
[SourceVersion "1"]
[SourceVersionDate "2022.10.05"]
[SourceQuality "1"]
[WhiteTeam "Manchester Manticores"]
[BlackTeam "North East England"]
[WhiteTeamCountry "ENG"]
[BlackTeamCountry "ENG"]

1. e4 c5 2. Nf3 Nc6 3. d4 cxd4 4. Nxd4 Nf6 5. Nc3 e5 6. Nb3 Bb4 7. Bd3 d5 8. exd5 Nxd5 9. Bd2 Nxc3 10. Bxc3 Bxc3+ 11. bxc3 0-0 12. 0-0 Qc7 13. Qf3 Ne7 14. Rfe1 f6 15. Rad1 Be6 16. Bf1 b6 17. Re3 Rac8 18. Ba6 Rcd8 19. Rxd8 Rxd8 20. Rd3 Rxd3 21. Qxd3 g6 22. c4 Kg7 23. Nd2 Nc6 24. a3 Bf5 25. Ne4 Nd4 26. c3 Ne6 27. Qd6 Bxe4 28. Qxe6 Bf5 29. Qd5 Qe7 30. Qb7 Kf7 31. Qd5+ Be6 0-1

[Event "BCF-chT 2122 (4NCL)"]
[Site "England"]
[Date "2022.04.30"]
[Round "7.77"]
[White "Venkatesan, Kavin"]
[Black "Dargan, Paul AG"]
[Result "1-0"]
[WhiteElo "2006"]
[BlackElo "2041"]
[PlyCount "73"]
[EventDate "2021.11.27"]
[EventType "team-swiss"]
[EventRounds "11"]
[EventCountry "ENG"]
[SourceTitle "EXT 2023"]
[Source "ChessBase"]
[SourceDate "2022.10.05"]
[SourceVersion "1"]
[SourceVersionDate "2022.10.05"]
[SourceQuality "1"]
[WhiteTeam "Gonzaga"]
[BlackTeam "North East England"]
[WhiteTeamCountry "ENG"]
[BlackTeamCountry "ENG"]

1. d4 Nf6 2. c4 e6 3. Nc3 Bb4 4. a3 Bxc3+ 5. bxc3 c5 6. e3 0-0 7. Bd3 Nc6 8. Ne2 d5 9. cxd5 exd5 10. 0-0 Re8 11. f3 Qa5 12. Bd2 Qc7 13. Qe1 b6 14. Qh4 Ne7 15. Rae1 Ng6 16. Qf2 Bb7 17. Ng3 Rad8 18. h3 Qd6 19. Nf5 Qd7 20. Ng3 Qa4 21. Bc1 Ba6 22. Bxa6 Qxa6 23. e4 cxd4 24. cxd4 Rc8 25. e5 Nd7 26. f4 Qd3 27. Rd1 Qc2 28. Rd2 Qb3 29. f5 Ngf8 30. Nh5 Rc3 31. e6 Nf6 32. Nxf6+ gxf6 33. Re2 Qb5 34. Bh6 fxe6 35. fxe6 Nxe6 36. Qxf6 Qxe2 37. Qf7+ 1-0

[Event "GBR-ch Online"]
[Site "Chess.com INT"]
[Date "2021.08.03"]
[Round "5"]
[White "Brooks, Phil J"]
[Black "Dargan, Paul AG"]
[Result "1/2-1/2"]
[WhiteElo "2191"]
[BlackElo "2064"]
[PlyCount "56"]
[EventDate "2021.07.30"]
[EventType "swiss"]
[EventRounds "9"]
[EventCountry "ENG"]
[SourceTitle "CBM 203 Extra"]
[Source "ChessBase"]
[SourceDate "2021.09.30"]
[SourceVersion "1"]
[SourceVersionDate "2021.09.30"]
[SourceQuality "1"]

1. d4 Nf6 2. c4 e6 3. Nc3 Bb4 4. Qc2 0-0 5. a3 Bxc3+ 6. Qxc3 b6 7. Bg5 Ba6 8. e3 d6 9. Bd3 Nbd7 10. Ne2 c5 11. 0-0 Rc8 12. b3 h6 13. Bh4 cxd4 14. Qxd4 Qe7 15. Rfd1 Rfd8 16. Qb2 Nc5 17. Nc1 d5 18. cxd5 Rxd5 19. Be2 Rxd1+ 20. Bxd1 Qd7 21. Bf3 Nce4 22. Na2 Rd8 23. Nc3 Qd2 24. Qxd2 Nxd2 25. Bd1 Rc8 26. Na2 Nfe4 27. f3 Nc5 28. Nc1 g5 1/2-1/2

[Event "BCF-chT1d 1819 (4NCL) Demotion pool"]
[Site "England"]
[Date "2019.05.05"]
[Round "10.65"]
[White "Abbas, Daniel Karim"]
[Black "Dargan, Paul AG"]
[Result "1/2-1/2"]
[WhiteElo "2257"]
[BlackElo "2122"]
[PlyCount "124"]
[EventDate "2018.11.10"]
[EventType "team-tourn"]
[EventRounds "4"]
[EventCountry "ENG"]
[SourceTitle "CBM 190 Extra"]
[Source "ChessBase"]
[SourceDate "2019.07.15"]
[SourceVersion "1"]
[SourceVersionDate "2019.07.15"]
[SourceQuality "1"]
[WhiteTeam "3CS Oldham"]
[BlackTeam "North East England"]
[WhiteTeamCountry "ENG"]
[BlackTeamCountry "ENG"]

1. e4 c5 2. Nf3 g6 3. d4 cxd4 4. Nxd4 Bg7 5. Nc3 Nc6 6. Be3 Nf6 7. Bc4 0-0 8. Bb3 Qa5 9. 0-0 d6 10. h3 Bd7 11. Re1 Rac8 12. Nd5 Rfe8 13. Bd2 Qc5 14. Nf3 Nxd5 15. exd5 Na5 16. Be3 Qc7 17. c3 Nxb3 18. axb3 a5 19. Bd4 Bxd4 20. Qxd4 Qc5 21. Qd2 Kg7 22. Rad1 h6 23. Re4 e5 24. dxe6 Rxe6 25. Rh4 Rh8 26. Rd4 Bc6 27. Rc4 Qb6 28. Qd4+ Qxd4 29. Nxd4 Rf6 30. Nxc6 bxc6 31. Rxc6 Rb8 32. Rdxd6 Rxd6 33. Rxd6 Rxb3 34. Ra6 Rxb2 35. Rxa5 Rb1+ 36. Kh2 Rc1 37. Rc5 h5 38. Kg3 Kf6 39. h4 Rc2 40. c4 Ke6 41. Rc7 Rc3+ 42. f3 Rc2 43. c5 Rc4 44. c6 Rc2 45. Kh3 Rc3 46. Kh2 Rc4 47. Kg3 Rc2 48. Rc8 Rc4 49. c7 Kf6 50. Kf2 Kg7 51. Ke3 Rc1 52. g4 hxg4 53. fxg4 Rc2 54. h5 gxh5 55. gxh5 Rc1 56. h6+ Kh7 57. Kd4 Rc2 58. Ke5 Rc1 59. Kd6 Rd1+ 60. Ke7 Rc1 61. Kd6 Rd1+ 62. Ke7 Rc1 1/2-1/2

[Event "Northumberland-ch Zollner"]
[Site "Northumberland"]
[Date "2019.03.02"]
[Round "5"]
[White "Dargan, Paul AG"]
[Black "Moreby, James"]
[Result "1/2-1/2"]
[WhiteElo "201"]
[BlackElo "207"]
[PlyCount "24"]
[EventDate "2018.10.27"]
[EventType "swiss"]
[EventRounds "7"]
[EventCountry "ENG"]
[SourceTitle "EXT 2020"]
[Source "ChessBase"]
[SourceDate "2019.10.17"]
[SourceVersion "1"]
[SourceVersionDate "2019.10.17"]
[SourceQuality "1"]

1. e4 e5 2. Nf3 Nc6 3. Bc4 Nf6 4. d4 exd4 5. 0-0 Nxe4 6. Re1 d5 7. Nc3 dxc3 8. Bxd5 Be6 9. Bxe4 Qxd1 10. Rxd1 cxb2 11. Bxb2 f6 12. Bc3 Bd7 1/2-1/2